000
00311nam a22001457a 4500
008
210428b ||||| |||| 00| 0 eng d
020
_a
9781323863299
041
_a
eng
080
_a
573
082
_a
573
100
_a
11
101
_a
BIO
245
_a
General Biology I
_c
Lisa A. Urry
942
_2
udc
_c
BK
999
_c
56864
_d
56864